[Event "Rated Blitz game"]
[Site "?"]
[Date "2021.10.17"]
[Round "?"]
[White "Barys74"]
[Black "Annali-annaliew1979"]
[Result "1-0"]
[WhiteElo "2716"]
[BlackElo "2525"]
[PlyCount "91"]
[EventDate "2021.??.??"]
[EventType "blitz"]

1. e4 e5 2. Nf3 d5 3. Nxe5 Qe7 4. d4 f6 5. Qh5+ g6 6. Nxg6 Qxe4+ 7. Be2 Qxg6 8.
Qxd5 Ne7 9. Qf3 Nbc6 10. c3 Bf5 11. Nd2 O-O-O 12. O-O h5 13. Re1 Rg8 14. Bf1 h4
15. Nc4 Nd5 16. Ne3 Nxe3 17. Bxe3 Bd6 18. Bf4 Bg4 19. Qe3 Rde8 20. Qd2 h3 21.
g3 Bf3 22. Bxd6 cxd6 23. Bxh3+ Kb8 24. Bg2 Bxg2 25. Kxg2 Rh8 26. Qf4 Qh5 27.
Qxd6+ Ka8 28. h4 Rhg8 29. Qxf6 Ref8 30. Qd6 Qf3+ 31. Kh3 Qxf2 32. Rf1 Qxf1+ 33.
Rxf1 Rxf1 34. b4 a6 35. a4 Rf3 36. b5 axb5 37. axb5 Nb8 38. h5 Rf7 39. Qa3+ Na6
40. bxa6 Rfg7 41. axb7+ Kxb7 42. Qd6 Rg5 43. g4 Rxg4 44. Qd7+ Kb6 45. Qxg4 Rxg4
46. Kxg4 {Normal} 1-0

[Event "Rated Blitz game"]
[Site "?"]
[Date "2021.10.17"]
[Round "?"]
[White "eyals"]
[Black "rofaidah"]
[Result "1-0"]
[WhiteElo "2441"]
[BlackElo "2436"]
[PlyCount "125"]
[EventDate "2021.??.??"]
[EventType "blitz"]

1. e4 e5 2. Nf3 d5 3. exd5 e4 4. Qe2 Nf6 5. Nc3 Bf5 6. Nh4 Bg6 7. Nxg6 hxg6 8.
Nxe4 Nxe4 9. Qxe4+ Be7 10. Bb5+ Nd7 11. d4 O-O 12. Bxd7 Qxd7 13. O-O Bd6 14. c4
Rae8 15. Qf3 b6 16. Bd2 a5 17. Rfe1 Rxe1+ 18. Rxe1 Qa4 19. Qb3 Qd7 20. Qc2 Qg4
21. Qe4 Qh5 22. g3 Rd8 23. Kg2 f5 24. Qe6+ Kh7 25. f4 Rf8 26. h3 Rf6 27. Qe2
Qh6 28. Rh1 Rf7 29. Re1 Re7 30. Qf3 Rxe1 31. Bxe1 Kg8 32. Bd2 Qh8 33. Qe3 Kf8
34. Qe6 Qh5 35. Qe1 Kf7 36. b3 Kf8 37. Be3 Bb4 38. Qf1 Kf7 39. Qf3 Qh8 40. c5
Qe8 41. Kf2 Qb5 42. d6 cxd6 43. Qd5+ Ke7 44. Qxd6+ Kf7 45. Qd5+ Kf8 46. Qc4 Qe8
47. cxb6 Qe4 48. Qc8+ Kf7 49. b7 Qh1 50. Qd7+ Kg8 51. b8=Q+ Kh7 52. Qdb7 Qe1+
53. Kf3 Qh1+ 54. Ke2 Qe1+ 55. Kd3 Qd1+ 56. Kc4 Qc2+ 57. Kd5 Qe4+ 58. Kc4 Qxe3
59. Kb5 Qe2+ 60. Ka4 Qe6 61. Qh8+ Kxh8 62. Qc8+ Kh7 63. Qxe6 {Time forfeit} 1-0

[Event "Rated Blitz tournament eDRMeYv9"]
[Site "?"]
[Date "2021.10.17"]
[Round "?"]
[White "joker-anonymous"]
[Black "yatayo"]
[Result "0-1"]
[WhiteElo "2228"]
[BlackElo "2475"]
[PlyCount "63"]
[EventDate "2021.??.??"]
[EventType "blitz"]

1. e4 e5 2. Nf3 d5 3. Nxe5 dxe4 4. d4 Nd7 5. Nxd7 Bxd7 6. Bc4 Nf6 7. O-O Bd6 8.
Nc3 h5 9. Bg5 Bxh2+ 10. Kh1 Bd6 11. Nxe4 Bc6 12. Re1 Bxe4 13. Bxf6 Qxf6 14.
Rxe4+ Kf8 15. Qe2 g6 16. Re3 Kg7 17. Rf3 Qh4+ 18. Rh3 Qxd4 19. Rd1 Qf4 20. g3
Qf5 21. Rh4 Rae8 22. Qd2 g5 23. Rd4 Qf3+ 24. Kg1 Bxg3 25. fxg3 Qxg3+ 26. Kf1
Rh6 27. Qg2 Rf6+ 28. Kg1 Qe3+ 29. Kh1 Rf2 30. Qxg5+ Qxg5 31. Rg4 hxg4 32. Rg1 {
Normal} 0-1

[Event "Rated Blitz game"]
[Site "?"]
[Date "2021.10.17"]
[Round "?"]
[White "Melchisedek"]
[Black "Benny_Watts_2005"]
[Result "0-1"]
[WhiteElo "2433"]
[BlackElo "2397"]
[PlyCount "26"]
[EventDate "2021.??.??"]
[EventType "blitz"]

1. e4 e5 2. Nf3 d5 3. Nxe5 Bd6 4. d4 dxe4 5. Nc4 Nc6 6. Nxd6+ Qxd6 7. c3 Nf6 8.
Be2 Bd7 9. h3 O-O-O 10. Be3 Nd5 11. Nd2 f5 12. g3 Nxe3 13. Nf1 Nxd1 {Normal}
0-1

[Event "Rated Blitz game"]
[Site "?"]
[Date "2021.10.17"]
[Round "?"]
[White "Whinim"]
[Black "larsental3"]
[Result "1-0"]
[WhiteElo "2458"]
[BlackElo "2333"]
[PlyCount "125"]
[EventDate "2021.??.??"]
[EventType "blitz"]

1. e4 e5 2. Nf3 d5 3. exd5 e4 4. Qe2 Nf6 5. Nc3 Be7 6. Nxe4 O-O 7. c4 Nxe4 8.
Qxe4 Re8 9. Be2 Bf6 10. Qc2 Qe7 11. d3 Nd7 12. Be3 Qb4+ 13. Nd2 Qxb2 14. Qxb2
Bxb2 15. Rb1 Bc3 16. Kd1 Ne5 17. Ne4 Ba5 18. h3 b6 19. g4 Rb8 20. Bd4 Nxc4 21.
Nc5 Nd6 22. Nb3 Nb5 23. Nxa5 Nxd4 24. Nc6 Nxc6 25. dxc6 Be6 26. Bf3 Rbd8 27.
Kd2 a5 28. Kc3 Bxa2 29. Rbe1 Be6 30. d4 Kf8 31. Re5 f6 32. Re3 Bf7 33. Rhe1
Rxe3+ 34. fxe3 Bd5 35. Bxd5 Rxd5 36. e4 Rd6 37. d5 Kf7 38. Kd4 Kg6 39. e5 fxe5+
40. Rxe5 Kf6 41. g5+ Kf7 42. h4 g6 43. Kc4 Rd8 44. Kb5 Re8 45. Rxe8 Kxe8 46. d6
cxd6 47. Kxb6 Kd8 48. Kb7 d5 49. c7+ Ke7 50. c8=Q Kd6 51. Qc7+ Ke6 52. Qxa5 Ke5
53. Kc6 Kf4 54. Qxd5 Kg3 55. Qd4 Kh3 56. Qf4 Kg2 57. Kd5 Kh3 58. Ke4 Kg2 59.
Qf3+ Kh2 60. Qg4 h5 61. gxh6 Kh1 62. Kf3 g5 63. Qg2# {Normal} 1-0

[Event "Rated Blitz tournament Fjoj6g6R"]
[Site "?"]
[Date "2021.10.17"]
[Round "?"]
[White "KidIcarus"]
[Black "Artem_0degov"]
[Result "0-1"]
[WhiteElo "2345"]
[BlackElo "2665"]
[PlyCount "122"]
[EventDate "2021.??.??"]
[EventType "blitz"]

1. e4 e5 2. Nf3 d5 3. Nxe5 Bd6 4. d4 dxe4 5. Bf4 Nf6 6. Bc4 O-O 7. O-O Nbd7 8.
Nc3 Qe7 9. Re1 Nxe5 10. dxe5 Bxe5 11. Bxe5 Qxe5 12. Qe2 Bf5 13. Rad1 Rad8 14.
h3 h6 15. Qe3 a6 16. Qa7 b5 17. Bd3 Qf4 18. g3 Qg5 19. Be2 Rxd1 20. Rxd1 Bxh3
21. Qxc7 e3 22. fxe3 Qxe3+ 23. Kh2 Bg4 24. Qf4 Qxf4 25. gxf4 b4 26. Bxg4 Nxg4+
27. Kg3 bxc3 28. Kxg4 cxb2 29. Rb1 Rb8 30. c4 Kf8 31. Kf5 Ke7 32. Ke5 Kd7 33.
Kd5 h5 34. c5 h4 35. c6+ Kc7 36. Kc5 h3 37. f5 f6 38. Rg1 Rb5+ 39. Kc4 b1=Q 40.
Rxg7+ Kxc6 41. Rg3 Qe4+ 42. Kc3 Rc5+ 43. Kb2 Rc2+ 44. Ka3 h2 45. Rb3 Rxa2+ 46.
Kxa2 Qa4+ 47. Kb2 Qxb3+ 48. Kxb3 h1=Q 49. Ka4 Qd5 50. Kb4 Qxf5 51. Kc4 Qe5 52.
Kd3 f5 53. Kd2 f4 54. Kd3 f3 55. Kc4 f2 56. Kb4 f1=Q 57. Kb3 Qff4 58. Kc2 Qee3
59. Kd1 Qff3+ 60. Kc2 Qff2+ 61. Kd1 Qee1# {Normal} 0-1

[Event "Rated Blitz game"]
[Site "?"]
[Date "2021.10.17"]
[Round "?"]
[White "ReinaldoR"]
[Black "rofaidah"]
[Result "0-1"]
[WhiteElo "2519"]
[BlackElo "2429"]
[PlyCount "72"]
[EventDate "2021.??.??"]
[EventType "blitz"]

1. e4 e5 2. Nf3 d5 3. exd5 e4 4. Qe2 Nf6 5. Nc3 Bf5 6. d3 Bb4 7. Bd2 Bxc3 8.
Bxc3 O-O 9. Bxf6 exf3 10. Bxd8 fxe2 11. Bxe2 Rxd8 12. Bf3 c6 13. dxc6 Re8+ 14.
Kd2 Nxc6 15. Bxc6 bxc6 16. Rhe1 Kf8 17. Re3 Re7 18. b3 Rae8 19. a4 g5 20. h3 c5
21. a5 Bd7 22. a6 f5 23. Ra5 Rc8 24. Kc3 Rxe3 25. fxe3 Ke7 26. Ra1 Kd6 27. g3
Re8 28. Kd2 Bc6 29. Rg1 h5 30. Rf1 Rf8 31. Rf2 Bb5 32. e4 f4 33. gxf4 Rxf4 34.
Rxf4 gxf4 35. Ke2 Bxa6 36. Kf3 Ke5 {Normal} 0-1

[Event "Rated Blitz game"]
[Site "?"]
[Date "2021.10.17"]
[Round "?"]
[White "luismr15"]
[Black "Veysi13"]
[Result "0-1"]
[WhiteElo "2301"]
[BlackElo "2419"]
[PlyCount "52"]
[EventDate "2021.??.??"]
[EventType "blitz"]

1. e4 e5 2. Nf3 d5 3. exd5 e4 4. Nd4 Qxd5 5. Nb3 Nf6 6. c4 Qe5 7. Nc3 Bg4 8.
Be2 h5 9. h3 Bf5 10. Kf1 Nc6 11. f3 O-O-O 12. fxe4 Nxe4 13. Nxe4 Bxe4 14. d4
Nxd4 15. Nxd4 Rxd4 16. Qe1 Bc5 17. Be3 Rhd8 18. Bxd4 Bxd4 19. Qh4 Bxb2 20. Re1
Qf5+ 21. Bf3 Bd3+ 22. Kg1 Bd4+ 23. Kh2 g6 24. Bd5 Bf2 25. g3 Bxe1 26. Rxe1 Qf2+
{Normal} 0-1

[Event "Rated Blitz game"]
[Site "?"]
[Date "2021.10.17"]
[Round "?"]
[White "Issa08"]
[Black "GoughPhar"]
[Result "0-1"]
[WhiteElo "2368"]
[BlackElo "2467"]
[PlyCount "58"]
[EventDate "2021.??.??"]
[EventType "blitz"]

1. e4 e5 2. Nf3 d5 3. exd5 e4 4. Nd4 Qxd5 5. Nb3 Nf6 6. Nc3 Qe5 7. Bc4 Nc6 8.
O-O Bd6 9. g3 Bg4 10. Be2 h5 11. d4 Qf5 12. Be3 O-O-O 13. h4 Bf3 14. Bxf3 exf3
15. a4 Ng4 16. Re1 Bxg3 17. fxg3 f2+ 18. Kg2 Nce5 19. Re2 Qf3+ 20. Kh3 Nxe3 21.
Rxe3 Qxe3 22. Nb5 Nf3 23. Qf1 Ng1+ 24. Kh2 a6 25. Qc4 Rd7 26. Na7+ Kb8 27. Nc6+
bxc6 28. Nc5 Ne2 29. Qb4+ Kc8 {Time forfeit} 0-1

[Event "Rated Blitz tournament eDRMeYv9"]
[Site "?"]
[Date "2021.10.17"]
[Round "?"]
[White "Rikoboy"]
[Black "arrashii"]
[Result "0-1"]
[WhiteElo "2412"]
[BlackElo "2327"]
[PlyCount "102"]
[EventDate "2021.??.??"]
[EventType "blitz"]

1. e4 e5 2. Nf3 d5 3. exd5 e4 4. Qe2 Nf6 5. d3 Bb4+ 6. c3 O-O 7. dxe4 Bc5 8.
Bg5 h6 9. Bxf6 Qxf6 10. Nbd2 Bg4 11. O-O-O Nd7 12. h3 Bh5 13. g4 Bg6 14. Bg2 b5
15. h4 b4 16. e5 Qf4 17. cxb4 Bxb4 18. Qe3 Bxd2+ 19. Rxd2 Qa4 20. Qb3 Qf4 21.
h5 Bh7 22. Rh4 Nc5 23. Qc3 Nd3+ 24. Kd1 Qe4 25. g5 Nf4 26. Ne1 Qb1+ 27. Qc1
Qxa2 28. Rxf4 Qb3+ 29. Ke2 Rfe8 30. Qc3 Rxe5+ 31. Kf1 Qxc3 32. bxc3 hxg5 33.
Rc4 Rae8 34. Nf3 Rf5 35. Rxc7 g4 36. Nd4 Rfe5 37. Bh1 Re1+ 38. Kg2 Be4+ 39. f3
gxf3+ 40. Nxf3 Rxh1 41. Kxh1 Bxf3+ 42. Kg1 a5 43. d6 Bxh5 44. d7 Rd8 45. Rc8
Rxc8 46. dxc8=Q+ Kh7 47. Rh2 g6 48. Qd7 Kg7 49. Qe7 a4 50. Qe5+ f6 51. Rxh5
fxe5 {Time forfeit} 0-1

[Event "Rated Blitz game"]
[Site "?"]
[Date "2021.10.17"]
[Round "?"]
[White "bonsitorus"]
[Black "ReinaldoR"]
[Result "1-0"]
[WhiteElo "2458"]
[BlackElo "2507"]
[PlyCount "93"]
[EventDate "2021.??.??"]
[EventType "blitz"]

1. e4 e5 2. Nf3 d5 3. d4 dxe4 4. Nxe5 Nd7 5. Nc4 Nb6 6. Ne3 Nf6 7. c4 Bb4+ 8.
Nc3 c5 9. d5 Bxc3+ 10. bxc3 O-O 11. Be2 Nbd7 12. O-O b6 13. a4 Ne8 14. f3 Nd6
15. Qc2 exf3 16. Bxf3 Ne5 17. Be4 g6 18. Bd3 Ba6 19. Qe2 Qh4 20. g3 Qh3 21. Rf4
Rfe8 22. a5 Nd7 23. Qf2 f5 24. Rh4 Qxh4 25. gxh4 Bb7 26. a6 Bc8 27. h5 Ne5 28.
Be2 Kf7 29. hxg6+ hxg6 30. Ng2 Bd7 31. Bf4 Re7 32. Qh4 Rg8 33. Bg5 Ree8 34. Nf4
Rh8 35. Qf2 Ne4 36. Qe3 Nxg5 37. Ne6 Nxe6 38. dxe6+ Rxe6 39. Rd1 Bc6 40. Rd6
Rxd6 41. Qxe5 Re6 42. Qxh8 Rxe2 43. Qh7+ Kf6 44. Qc7 Rg2+ 45. Kf1 Be4 46. Qxa7
Rxh2 47. Qxb6+ {Time forfeit} 1-0

[Event "Rated Blitz game"]
[Site "?"]
[Date "2021.10.17"]
[Round "?"]
[White "Rexinator"]
[Black "King_bg03"]
[Result "0-1"]
[WhiteElo "2450"]
[BlackElo "2526"]
[PlyCount "84"]
[EventDate "2021.??.??"]
[EventType "blitz"]

1. e4 e5 2. Nf3 d5 3. exd5 e4 4. Qe2 Qe7 5. Nd4 Nf6 6. c4 Nbd7 7. Nc3 Nc5 8.
Kd1 Nd3 9. Kc2 Qe5 10. Nxe4 Nb4+ 11. Kb3 Nxe4 12. f3 Qxd4 13. Qxe4+ Qxe4 14.
fxe4 a5 15. a3 a4+ 16. Kc3 Na6 17. d4 g6 18. Bd3 Bg7 19. Rf1 Nc5 20. Bc2 Nb3
21. Bxb3 axb3 22. Be3 O-O 23. Kxb3 Re8 24. e5 f6 25. e6 c6 26. Rae1 b5 27. cxb5
cxd5 28. Bd2 Bxe6 29. a4 Bd7 30. Rxe8+ Rxe8 31. Re1 Kf7 32. Rxe8 Kxe8 33. Kb4
Bf8+ 34. Ka5 Bd6 35. Bb4 Bxh2 36. Bc5 Kd8 37. Ka6 Kc8 38. b6 Bc6 39. a5 f5 40.
b4 h5 41. b5 Bb7+ 42. Ka7 Bb8# {Normal} 0-1

[Event "Rated Blitz game"]
[Site "?"]
[Date "2021.10.17"]
[Round "?"]
[White "xavid"]
[Black "EEberhart"]
[Result "1-0"]
[WhiteElo "2426"]
[BlackElo "2286"]
[PlyCount "59"]
[EventDate "2021.??.??"]
[EventType "blitz"]

1. e4 e5 2. Nf3 d5 3. Nxe5 Bd6 4. d4 dxe4 5. Nc4 Be7 6. Nc3 Nf6 7. Be2 Bb4 8.
O-O Bxc3 9. bxc3 O-O 10. Bg5 Be6 11. Ne3 c6 12. c4 h6 13. Bh4 g5 14. Bg3 Qe7
15. f4 Nh7 16. f5 Bd7 17. Ng4 Nf6 18. Nxh6+ Kh7 19. Ng4 Nxg4 20. Bxg4 Rh8 21.
f6 Bxg4 22. Qxg4 Qb4 23. Qxe4+ Kg8 24. Rf5 Kf8 25. Re1 Nd7 26. c5 Nxc5 27. dxc5
Qxe4 28. Rxe4 Rd8 29. Bd6+ Kg8 30. Rxg5+ {Normal} 1-0

[Event "Rated Blitz game"]
[Site "?"]
[Date "2021.10.17"]
[Round "?"]
[White "mandarria"]
[Black "RCompany_1"]
[Result "0-1"]
[WhiteElo "2459"]
[BlackElo "2446"]
[PlyCount "56"]
[EventDate "2021.??.??"]
[EventType "blitz"]

1. e4 e5 2. Nf3 d5 3. exd5 e4 4. Qe2 Nf6 5. d3 Qxd5 6. Nbd2 Nc6 7. Nxe4 Be6 8.
c3 O-O-O 9. Bf4 Be7 10. Qc2 Rhe8 11. Be2 Bf5 12. Nfd2 Bf8 13. f3 Bc5 14. O-O-O
Bxe4 15. dxe4 Qxa2 16. Bc4 Qa1+ 17. Nb1 Ne5 18. Bb3 a5 19. Rhe1 b5 20. Bxe5
Rxe5 21. Bxf7 Rxd1+ 22. Qxd1 a4 23. Qd3 a3 24. bxa3 Bxa3+ 25. Kc2 Qb2+ 26. Kd1
Re7 27. Bd5 Nxd5 28. exd5 Qc1# {Normal} 0-1

[Event "Rated Blitz tournament eDRMeYv9"]
[Site "?"]
[Date "2021.10.17"]
[Round "?"]
[White "andrezz209"]
[Black "om_gendut"]
[Result "0-1"]
[WhiteElo "2284"]
[BlackElo "2426"]
[PlyCount "118"]
[EventDate "2021.??.??"]
[EventType "blitz"]

1. e4 e5 2. Nf3 d5 3. Nxe5 Bd6 4. d4 dxe4 5. Bc4 Bxe5 6. dxe5 Qxd1+ 7. Kxd1 Nc6
8. Re1 Bg4+ 9. Be2 O-O-O+ 10. Bd2 Nxe5 11. Kc1 Bxe2 12. Rxe2 Nf6 13. Bc3 Rhe8
14. Nd2 Re6 15. h3 Nc6 16. b3 Nd5 17. Bxg7 f5 18. g3 Rd7 19. Bb2 Nb6 20. Kb1
Red6 21. Bc1 Nd4 22. Re1 Ne6 23. Nf1 Rd1 24. Rxd1 Rxd1 25. Ne3 Rh1 26. Nxf5
Rxh3 27. Kb2 Nd5 28. Bd2 Rh2 29. Rf1 Nf6 30. Be3 Ng4 31. a4 a5 32. Kc3 b6 33.
Kc4 Rh5 34. Nh4 Kb7 35. Kc3 Nc5 36. Kb2 Ne6 37. Kc3 Nd8 38. Rd1 Nc6 39. Rh1 Nb4
40. Rd1 Nd5+ 41. Kd4 Ndf6 42. Kc3 Re5 43. Bd4 Re6 44. Bxf6 Nxf6 45. Re1 Rc6+
46. Kb2 Rd6 47. Nf5 Rd2 48. Kc3 Rxf2 49. Nd4 Rg2 50. Ne6 Rxg3+ 51. Kd4 Rg8 52.
Nf4 Re8 53. Nd5 Rd8 54. c4 Nxd5 55. cxd5 c6 56. Rxe4 Rxd5+ 57. Kc4 Ka6 58. Re7
Rc5+ 59. Kd4 h5 {Time forfeit} 0-1

[Event "Rated Blitz game"]
[Site "?"]
[Date "2021.10.17"]
[Round "?"]
[White "petergo"]
[Black "Gillamenace"]
[Result "1-0"]
[WhiteElo "2573"]
[BlackElo "2445"]
[PlyCount "50"]
[EventDate "2021.??.??"]
[EventType "blitz"]

1. e4 e5 2. Nf3 d5 3. Nxe5 Bd6 4. d4 dxe4 5. Nc3 Nf6 6. Bc4 Bxe5 7. dxe5 Qxd1+
8. Kxd1 Ng4 9. Nd5 Na6 10. Bxa6 bxa6 11. Nxc7+ Kd7 12. Nxa8 Nxf2+ 13. Ke2 Nxh1
14. Be3 Bb7 15. Rd1+ Kc6 16. Rd6+ Kb5 17. Nc7+ Ka4 18. Nxa6 Rc8 19. Nc5+ Kb5
20. Nxb7 Rxc2+ 21. Kf1 Rxb2 22. Rd2 Rb1+ 23. Ke2 Kc6 24. Nd8+ Kc7 25. Nxf7 Rg1
{Normal} 1-0

[Event "Rated Blitz tournament eDRMeYv9"]
[Site "?"]
[Date "2021.10.17"]
[Round "?"]
[White "NuHakim_KotaSukabumi"]
[Black "om_gendut"]
[Result "1-0"]
[WhiteElo "2509"]
[BlackElo "2421"]
[PlyCount "119"]
[EventDate "2021.??.??"]
[EventType "blitz"]

1. e4 e5 2. Nf3 d5 3. exd5 e4 4. Qe2 Be7 5. Qxe4 Nf6 6. Qa4+ Nbd7 7. Nc3 O-O 8.
Be2 Nb6 9. Qb3 Nbxd5 10. Nxd5 Nxd5 11. d4 Be6 12. c4 Nb6 13. O-O a5 14. Be3 a4
15. Qc2 Bf6 16. Rad1 Re8 17. h3 Qd7 18. d5 Bf5 19. Bd3 Bxh3 20. gxh3 Qxh3 21.
Be4 Qg4+ 22. Kh1 Rxe4 23. Nh2 Qh4 24. Bxb6 cxb6 25. f4 Rae8 26. Rf2 Bd4 27.
Rfd2 Re1+ 28. Rxe1 Rxe1+ 29. Kg2 Rg1+ 30. Kf3 Rg3+ 31. Ke4 Bc5 32. d6 Qh5 33.
Rd3 Qg6+ 34. f5 Qg5 35. Rxg3 Qxg3 36. Qe2 Qxd6 37. Nf3 Qe7+ 38. Kd3 Qxe2+ 39.
Kxe2 Kf8 40. Ne5 h6 41. Kf3 Ke7 42. Ke4 Bd6 43. Nf3 Bc5 44. b3 Kf6 45. Ne5 g6
46. Nd7+ Ke7 47. Ne5 gxf5+ 48. Kxf5 axb3 49. axb3 h5 50. Nd3 h4 51. Kg4 Kd6 52.
Kxh4 Bd4 53. Kg4 b5 54. Kf5 bxc4 55. bxc4 f6 56. Ke4 Be5 57. Nb4 Kc5 58. Nd5
Kxc4 59. Nb6+ Kb3 60. Nd7 {Time forfeit} 1-0

[Event "Rated Blitz game"]
[Site "?"]
[Date "2021.10.17"]
[Round "?"]
[White "ChessTreasureMap"]
[Black "larsental3"]
[Result "1-0"]
[WhiteElo "2455"]
[BlackElo "2325"]
[PlyCount "129"]
[EventDate "2021.??.??"]
[EventType "blitz"]

1. e4 e5 2. Nf3 d5 3. Nxe5 Bd6 4. d4 dxe4 5. Nc4 Nf6 6. Be2 O-O 7. O-O Bf5 8.
Ne3 Bg6 9. c4 c6 10. Nc3 Nbd7 11. d5 c5 12. Ng4 Nxg4 13. Bxg4 f5 14. Bh3 Ne5
15. Qe2 Qh4 16. Bd2 Rae8 17. Rae1 Bh5 18. Qe3 f4 19. Qxe4 Nf3+ 20. Kh1 Rxe4 21.
Nxe4 Nxe1 22. Bxe1 Be7 23. f3 Qxe1 24. Rxe1 Bh4 25. Be6+ Kh8 26. Re2 b6 27. Kg1
Rd8 28. Nf2 Bxf2+ 29. Kxf2 Bg6 30. b3 Bd3 31. Rd2 Bb1 32. d6 g5 33. d7 Kg7 34.
h3 Kf6 35. Bg4 h5 36. Bxh5 Bf5 37. Bg4 Bxg4 38. hxg4 Ke7 39. g3 Rxd7 40. Rxd7+
Kxd7 41. gxf4 gxf4 42. Ke2 Ke6 43. Kd3 Ke5 44. a3 a6 45. b4 cxb4 46. axb4 a5
47. bxa5 bxa5 48. Kc3 a4 49. Kb4 a3 50. Kxa3 Kd4 51. Kb4 Ke3 52. g5 Kxf3 53. g6
Ke2 54. g7 f3 55. g8=Q f2 56. Qg2 Ke1 57. Qe4+ Kf1 58. c5 Kg1 59. Qg4+ Kh2 60.
Qf3 Kg1 61. Qg3+ Kh1 62. Qh3+ Kg1 63. c6 f1=Q 64. Qxf1+ Kxf1 65. c7 {Normal}
1-0

[Event "Rated Blitz game"]
[Site "?"]
[Date "2021.10.17"]
[Round "?"]
[White "IguanaAstronaut"]
[Black "geptil"]
[Result "1-0"]
[WhiteElo "2443"]
[BlackElo "2464"]
[PlyCount "39"]
[EventDate "2021.??.??"]
[EventType "blitz"]

1. e4 e5 2. Nf3 d5 3. Nxe5 Bd6 4. d4 dxe4 5. Bc4 Bxe5 6. dxe5 Qxd1+ 7. Kxd1 Nc6
8. Bf4 Nge7 9. Bg3 h5 10. h4 Rh6 11. Nc3 Bg4+ 12. Ke1 Be6 13. Bb5 O-O-O 14.
Nxe4 Nd4 15. Bd3 Nef5 16. Bf4 Rg6 17. Ng5 f6 18. Nxe6 Nxe6 19. Bxf5 Rxg2 20.
Bxe6+ {Normal} 1-0

[Event "Rated Blitz game"]
[Site "?"]
[Date "2021.10.17"]
[Round "?"]
[White "Topacchi8la"]
[Black "Annali-annaliew1979"]
[Result "1-0"]
[WhiteElo "2465"]
[BlackElo "2492"]
[PlyCount "99"]
[EventDate "2021.??.??"]
[EventType "blitz"]

1. e4 e5 2. Nf3 d5 3. d4 dxe4 4. Nxe5 Bd6 5. Nc4 Nf6 6. Nxd6+ cxd6 7. d5 h6 8.
Bb5+ Nbd7 9. O-O O-O 10. Nc3 a6 11. Bc4 Re8 12. Re1 b5 13. Bb3 Nc5 14. Bf4 Bg4
15. Qd4 Nh5 16. Be3 f5 17. Qd2 Rc8 18. a4 b4 19. Ne2 Bxe2 20. Rxe2 a5 21. Bxc5
Rxc5 22. c4 f4 23. Qd4 f3 24. Rxe4 Rxe4 25. Qxe4 fxg2 26. Re1 Qg5 27. Qxg2 Qd2
28. Qe4 Rc7 29. Bc2 Nf6 30. Qe6+ Kf8 31. Bg6 Qg5+ 32. Kh1 Qxg6 33. Qxd6+ Kg8
34. Qxc7 Kh7 35. Qg3 Qc2 36. b3 Ne4 37. Qg2 Ng5 38. h4 Qc3 39. Re7 Nf3 40.
Rxg7+ Qxg7 41. Qxf3 Qc3 42. Kg2 Kg6 43. d6 Qd2 44. c5 h5 45. Qg3+ Kf7 46. Qf3+
Kg6 47. Qe4+ Kg7 48. Qe5+ Kg6 49. Qg5+ Qxg5+ 50. hxg5 {Normal} 1-0

[Event "Rated Blitz game"]
[Site "?"]
[Date "2021.10.17"]
[Round "?"]
[White "kingofspeedd"]
[Black "lavilaine"]
[Result "1-0"]
[WhiteElo "2387"]
[BlackElo "2429"]
[PlyCount "83"]
[EventDate "2021.??.??"]
[EventType "blitz"]

1. e4 e5 2. Nf3 d5 3. exd5 e4 4. Nd4 Qxd5 5. Nb3 f5 6. Nc3 Nf6 7. Nxd5 Nxd5 8.
d3 Be6 9. dxe4 fxe4 10. Bc4 c6 11. Bxd5 cxd5 12. O-O Nc6 13. Re1 O-O-O 14. Nd4
Bd7 15. Nxc6 Bxc6 16. c3 Bd6 17. Be3 Kb8 18. Qg4 h5 19. Qg5 h4 20. h3 Rdf8 21.
Rad1 Rf6 22. Rxd5 Bxd5 23. Qxd5 Rd8 24. Rd1 Bh2+ 25. Kxh2 Rxd5 26. Rxd5 Ra6 27.
a3 Re6 28. Rh5 b5 29. Rxb5+ Kc7 30. Rh5 g6 31. Rxh4 Kc6 32. Kg3 Kb5 33. Kf4 Kc4
34. Bxa7 Kd3 35. Be3 Re7 36. Rg4 Rb7 37. b4 Kxc3 38. Rxg6 Kb3 39. Kxe4 Kxa3 40.
h4 Kxb4 41. Rb6+ Rxb6 42. Bxb6 {Normal} 1-0

[Event "Rated Blitz game"]
[Site "?"]
[Date "2021.10.17"]
[Round "?"]
[White "dmitryfat"]
[Black "Benny_Watts_2005"]
[Result "1-0"]
[WhiteElo "2428"]
[BlackElo "2394"]
[PlyCount "92"]
[EventDate "2021.??.??"]
[EventType "blitz"]

1. e4 e5 2. Nf3 d5 3. exd5 e4 4. Nd4 Qxd5 5. Nb3 Nf6 6. Nc3 Qe5 7. Be2 Bd6 8.
d4 exd3 9. Qxd3 O-O 10. Be3 Nc6 11. O-O-O Bf5 12. Qb5 Nb4 13. Rd2 b6 14. Qxe5
Bxe5 15. a3 Bxc3 16. bxc3 Nbd5 17. Bd4 c5 18. Be5 Rfe8 19. f4 Ne3 20. Bf3 Ne4
21. Re2 Rad8 22. Bxe4 Bxe4 23. Rxe3 Bxg2 24. Rg1 f6 25. Rxg2 fxe5 26. fxe5 Rd5
27. c4 Rdxe5 28. Rxe5 Rxe5 29. Kd2 Re4 30. Kd3 Rf4 31. Nd2 Rd4+ 32. Kc3 Rf4 33.
Kd3 Rd4+ 34. Ke3 Rd6 35. c3 Re6+ 36. Ne4 h6 37. Kf4 Re7 38. h4 Rd7 39. Ke5 Rd1
40. Nd6 Rc1 41. Nf5 Rxc3 42. Rxg7+ Kf8 43. Rxa7 Rxc4 44. Kf6 Ke8 45. Nd6+ Kd8
46. Nxc4 b5 {Normal} 1-0

[Event "Rated Blitz game"]
[Site "?"]
[Date "2021.10.17"]
[Round "?"]
[White "wblodw"]
[Black "Veronica_Mars"]
[Result "0-1"]
[WhiteElo "2454"]
[BlackElo "2461"]
[PlyCount "110"]
[EventDate "2021.??.??"]
[EventType "blitz"]

1. e4 e5 2. Nf3 d5 3. Nxe5 Bd6 4. d4 dxe4 5. f4 exf3 6. Nxf3 Nf6 7. Bc4 O-O 8.
O-O Nbd7 9. Bg5 c6 10. Bd3 Qb6 11. b3 Re8 12. c4 Qc7 13. Qc2 h6 14. Bh4 Ng4 15.
h3 Ne3 16. Qe2 g5 17. Bf2 Bf4 18. Re1 Nf6 19. g3 Bxg3 20. Bxe3 Bxe1 21. Nxe1
Qg3+ 22. Ng2 Bxh3 23. Qf2 Qxg2+ 24. Qxg2 Bxg2 25. Kxg2 Rxe3 26. Bf1 Re1 27. Kf2
Rc1 28. Bd3 Re8 29. a3 Ree1 30. b4 Ng4+ 31. Kf3 h5 32. Be2 Rxb1 33. Rxb1 Rxb1
34. Ke4 Re1 35. Kf5 Rxe2 36. Kxg5 Re3 37. Kh4 Rxa3 38. Kxh5 Nf6+ 39. Kg5 Kg7
40. Kf5 Rf3+ 41. Ke5 Rh3 42. d5 cxd5 43. Kd6 dxc4 44. Kc5 c3 45. Kb5 c2 46. Ka5
Rb3 47. Kb5 Rxb4+ 48. Kxb4 c1=Q 49. Kb5 Qc6+ 50. Kb4 Nd5+ 51. Kb3 Qc3+ 52. Ka2
Qb4 53. Ka1 b5 54. Ka2 Nc3+ 55. Ka1 Qb1# {Normal} 0-1

[Event "Rated Blitz game"]
[Site "?"]
[Date "2021.10.17"]
[Round "?"]
[White "kmsalex"]
[Black "King_bg03"]
[Result "0-1"]
[WhiteElo "2420"]
[BlackElo "2527"]
[PlyCount "102"]
[EventDate "2021.??.??"]
[EventType "blitz"]

1. e4 e5 2. Nf3 d5 3. Nxe5 Bd6 4. d4 dxe4 5. Nc3 Bxe5 6. dxe5 Qxd1+ 7. Nxd1 Nc6
8. Bb5 Bd7 9. Bf4 O-O-O 10. Nc3 Nge7 11. Nxe4 Ng6 12. Bg3 Ncxe5 13. Bxd7+ Rxd7
14. O-O f5 15. Bxe5 Nxe5 16. Ng3 g6 17. Rfd1 Rhd8 18. Rxd7 Rxd7 19. Kf1 Nc4 20.
b3 Na3 21. c4 Rd2 22. Ke1 Rb2 23. Kf1 Nc2 24. Rd1 Rxa2 25. Ne2 Rb2 26. Nf4 Rxb3
27. Ne6 b6 28. c5 Kb7 29. Nd8+ Ka6 30. c6 Nb4 31. Rd7 Kb5 32. Rxc7 Rd3 33. Rc8
Nd5 34. Ra8 a5 35. Nf7 Rd1+ 36. Ke2 Nc3+ 37. Kf3 Kxc6 38. Rc8+ Kb5 39. Rxc3 a4
40. Ng5 Kb4 41. Rc6 b5 42. Nxh7 a3 43. Ke2 Rb1 44. Ng5 a2 45. Ra6 a1=Q 46. Rxa1
Rxa1 47. h4 Ra2+ 48. Ke3 Kc5 49. g3 b4 50. Ne6+ Kd6 51. Nf4 b3 {Time forfeit}
0-1

[Event "Rated Blitz game"]
[Site "?"]
[Date "2021.10.17"]
[Round "?"]
[White "AndreyKruchkov"]
[Black "Annali-annaliew1979"]
[Result "1-0"]
[WhiteElo "2334"]
[BlackElo "2471"]
[PlyCount "43"]
[EventDate "2021.??.??"]
[EventType "blitz"]

1. e4 e5 2. Nf3 d5 3. Nxe5 Qe7 4. d4 f6 5. Nf3 dxe4 6. Nfd2 f5 7. Bc4 Nf6 8.
Nc3 Be6 9. d5 Bf7 10. Nb3 a6 11. a4 Nbd7 12. a5 Ne5 13. Qe2 Qd7 14. Bg5 Bb4 15.
Bxf6 gxf6 16. Rd1 h5 17. O-O h4 18. h3 O-O-O 19. Bxa6 Bxc3 20. Bxb7+ Kxb7 21.
Nc5+ Ka7 22. Qa6+ {Normal} 1-0